Ultima. První /
Pokračování zvířecí fantasy trilogie o pravděpodobně posledním zástupci dairnů, ale také o pravém významu přátelství a rodiny.
Uloženo v:
| Série: | Ultima,
část 2 |
|---|---|
| Hlavní autor: | |
| Další autoři: | |
| Médium: | E-kniha |
| Jazyk: | Czech |
| Vydáno: |
V Praze :
Albatros,
2023
|
| Vydání: | 1. vydání |
| Témata: | |
| Příbuzné jednotky: | Přeloženo z:
Endling Z cyklu:: Ultima |
| Tagy: |
Žádné tagy |
| LEADER | 02679nam a2200553 i 4500 | ||
|---|---|---|---|
| 001 | 312036 | ||
| 003 | CZ PrSKC | ||
| 005 | 20260601215716.0 | ||
| 007 | ta | ||
| 008 | 230825s2023 xr c 000 f cze | ||
| 015 | |a cnb003545107 | ||
| 020 | |a 9788000071480 |q (brožováno) : |c Kč 369,00 | ||
| 035 | |a (OCoLC)1402155961 | ||
| 040 | |a ABG001 |b cze |d ABA001 |e rda | ||
| 041 | 1 | |a cze |h eng | |
| 072 | 7 | |a 821.111(73)-3 |x Americká próza |2 Konspekt | |
| 072 | 7 | |a 821-93 |x Literatura pro děti a mládež (beletrie) |2 Konspekt | |
| 080 | |a 821.111(73)-31 |2 MRF | ||
| 080 | |a 821-93 |2 MRF | ||
| 080 | |a (0:82-312.9) |2 MRF | ||
| 100 | 1 | |a Applegate, Katherine, |d 1956- |7 jn20010310185 |4 aut | |
| 240 | 1 | 0 | |a First. |l Česky |
| 245 | 1 | 0 | |a Ultima. |p První / |c Katherine Applegate ; přeložil Petr Eliáš |
| 246 | 3 | 0 | |a První |
| 250 | |a 1. vydání | ||
| 264 | 1 | |a V Praze : |b Albatros, |c 2023 | |
| 300 | |a 358 stran ; |c 21 cm | ||
| 336 | |a text |b txt |2 rdacontent | ||
| 337 | |a bez média |b n |2 rdamedia | ||
| 338 | |a svazek |b nc |2 rdacarrier | ||
| 500 | |a Přeloženo z angličtiny | ||
| 520 | 2 | |a Pokračování zvířecí fantasy trilogie o pravděpodobně posledním zástupci dairnů, ale také o pravém významu přátelství a rodiny. |b Byx je odhodlaná zjistit, jestli je skutečně poslední svého druhu na světě. Spolu s přáteli se vydává do zasněžených hor Doupatiny, kde chtějí odhalit tajemství bájné kolonie dairnů. Jenže hrozba války s každým dnem roste. Členové skupiny na každém kroku potkávají nová nebezpečí a nakonec se zamotají i do osidel doutnající vzpoury, která ohrožuje vše, co je jim drahé. Nakladatelská anotace. Kráceno. | |
| 521 | 8 | |a Pro čtenáře od 9 let | |
| 546 | |a Český text | ||
| 655 | 7 | |a americké romány |7 fd131796 |2 czenas | |
| 655 | 7 | |a fantasy romány |7 fd184199 |2 czenas | |
| 655 | 7 | |a publikace pro děti |7 fd133156 |2 czenas | |
| 655 | 9 | |a American fiction |2 eczenas | |
| 655 | 9 | |a fantasy novels |2 eczenas | |
| 655 | 9 | |a children's literature |2 eczenas | |
| 700 | 1 | |a Eliáš, Petr, |d 1986- |7 xx0079819 |4 trl | |
| 765 | 0 | |t Endling | |
| 787 | 0 | 8 | |i Z cyklu: |t Ultima |g 2 |
| 900 | |a ABA001 |b 20 | ||
| 928 | 9 | |a Albatros Media - Albatros | |
| 044 | |a xr | ||
| 910 | |a RBIT002 | ||
| 998 | |d 382383 |a https://core.palmknihy.cz/api/books/382383/cover?si8btx |b https://core.palmknihy.cz/api/books/382383/cover/400?si8btx |c https://core.palmknihy.cz/api/books/382383/cover/50?si8btx |e 2027-08-25 |g 368 |i 9788000071480 |j https://core.palmknihy.cz/api/books/382383/preview.epub |k https://core.palmknihy.cz/api/books/382383/preview.pdf |l |q 49 |r 1 |s https://www.palmknihy.cz/kniha/382383 |t ebook |y 2023 |z 0 |v Ultima |w 2 | ||
| 999 | |d 312034 | ||